Countries Closest to Seychelles - One Minute Sprint - Statistics

General Stats
  • This quiz has been taken 117 times
    40 since last reset
  • The average score is 14 of 20
Answer Stats
km country miles % Correct
288 Madagascar 179
96%
354 Mauritius 220
91%
1209 Somalia 751
91%
341 Comoros 212
83%
2279 Oman 1416
83%
2125 Djibouti 1321
78%
2261 Eritrea 1405
78%
1484 Ethiopia 922
78%
932 Kenya 579
78%
1790 Yemen 1112
78%
1159 Mozambique 720
74%
1178 Tanzania 732
74%
2273 Dem Rep of Congo 1412
70%
1741 Malawi 1082
70%
1969 Maldives 1223
65%
2349 India 1459
61%
2099 Zimbabwe 1304
57%
1915 Zambia 1190
52%
2226 Uganda 1383
48%
351 France (at Mayotte) 218
17%
No matching quizzes found
Score Distribution
Percent of People with Each Score
Percentile by Number Answered
Your Score History
You have not taken this quiz since the last reset